[Event "Charity Cup KO 2022"]
[Site "chess24.com INT"]
[Date "2022.03.25"]
[Round "3.11"]
[White "Carlsen, Magnus"]
[Black "Duda, Jan-Krzysztof"]
[Result "1/2-1/2"]
[WhiteTitle "GM"]
[BlackTitle "GM"]
[WhiteElo "2864"]
[BlackElo "2750"]
[WhiteFideId "1503014"]
[BlackFideId "1170546"]
[EventDate "2022.03.23"]
[EventType "k.o."]

1. d4 Nf6 2. c4 e6 3. Nf3 d5 4. g3 dxc4 5. Bg2 c5 6. O-O Nc6 7. Ne5 Bd7 8. Na3
cxd4 9. Naxc4 Rc8 10. Qb3 Nxe5 11. Nxe5 Bd6 12. Nxd7 Qxd7 13. Rd1 Be5 14. Qxb7
Qxb7 15. Bxb7 Rc7 16. Bf3 Ke7 17. b3 Rd8 18. Bd2 Nd5 19. Ba5 Nb6 20. Bb4+ Ke8
21. Rd3 Rc2 22. Rd2 Rdc8 23. Rad1 f5 24. Kg2 Bf6 25. g4 fxg4 26. Bxg4 Nd5 27.
Bd6 Kf7 28. Bf3 g6 29. b4 R8c4 30. a3 Nb6 31. Bc5 Rxd2 32. Rxd2 Rc3 33. Rd3 e5
34. Be4 Be7 35. Bxe7 Kxe7 36. Rh3 Rxh3 37. Kxh3 Nc4 38. a4 Nd6 39. Bc2 e4 40.
Kg4 Kf6 41. Kf4 g5+ 42. Kg4 Kg6 43. h4 h5+ 44. Kg3 Kf6 45. b5 Nf5+ 46. Kh2 Nd6
47. Kg3 Nf5+ 48. Kg2 Nd6 49. hxg5+ Kxg5 50. f3 e3 51. Bd3 Nb7 52. Bc2 h4 53. Kh3
Nc5 54. a5 d3 55. Bxd3 Nxd3 56. b6 axb6 57. axb6 Nc5 58. f4+ Kxf4 59. Kxh4 Nb7
60. Kh3 Nd6 61. Kh4 Ke4 62. Kg4 Nb7 63. Kg3 Na5 64. Kg4 Nb7 65. Kg3 Nd8 66. Kg4
Ke5 67. Kf3 Kd4 68. Kf4 Ne6+ 69. Kf3 Nc5 70. Kf4 Nb7 71. Kf3 Nd8 72. Kf4 Nb7 73.
Kf3 Nd8 1/2-1/2

[Event "Charity Cup KO 2022"]
[Site "chess24.com INT"]
[Date "2022.03.26"]
[Round "3.21"]
[White "Duda, Jan-Krzysztof"]
[Black "Carlsen, Magnus"]
[Result "0-1"]
[WhiteTitle "GM"]
[BlackTitle "GM"]
[WhiteElo "2750"]
[BlackElo "2864"]
[WhiteFideId "1170546"]
[BlackFideId "1503014"]
[EventDate "2022.03.23"]
[EventType "k.o."]

1. e4 c5 2. Nf3 Nc6 3. Bb5 g6 4. O-O Bg7 5. c3 Nf6 6. Re1 O-O 7. d4 d5 8. e5 Ne4
9. Be3 cxd4 10. cxd4 Qb6 11. Bxc6 Qxc6 12. Nfd2 Be6 13. Nb3 f5 14. f3 f4 15. Bc1
Rad8 16. Qe2 Ng5 17. h4 Ne4 18. fxe4 dxe4 19. Qxe4 Bd5 20. Qd3 f3 21. Be3 fxg2
22. N1d2 Qe6 23. Bf2 Rf3 24. Qxf3 Bxf3 25. Nxf3 Qh3 26. Nh2 Bh6 27. Re4 Rf8 28.
Rae1 Rxf2 29. Kxf2 Qxh2 30. Rg1 Qh3 31. Re2 a5 32. Rxg2 a4 33. Nd2 Qxh4+ 34. Kf1
Qxd4 35. Nf3 Qd5 36. Rgf2 Qxa2 37. Rc2 Qd5 38. Rc8+ Kg7 39. Kg2 Qe4 40. Rfc2
Qg4+ 41. Kf2 Bf4 42. R2c3 Qg3+ 43. Kf1 Bxe5 0-1

[Event "Charity Cup KO 2022"]
[Site "chess24.com INT"]
[Date "2022.03.26"]
[Round "3.22"]
[White "Carlsen, Magnus"]
[Black "Duda, Jan-Krzysztof"]
[Result "0-1"]
[WhiteTitle "GM"]
[BlackTitle "GM"]
[WhiteElo "2864"]
[BlackElo "2750"]
[WhiteFideId "1503014"]
[BlackFideId "1170546"]
[EventDate "2022.03.23"]
[EventType "k.o."]

1. e4 c6 2. Nf3 d5 3. d3 g6 4. exd5 cxd5 5. d4 Nc6 6. h3 Bh6 7. Bb5 Bd7 8. O-O
a6 9. Be2 Rc8 10. c3 Qc7 11. Re1 e6 12. Nbd2 Nge7 13. Nb3 Bg7 14. Nc5 O-O 15.
Bd3 Rcd8 16. Nxd7 Rxd7 17. Qe2 Nc8 18. h4 Re7 19. h5 e5 20. dxe5 Bxe5 21. Qd1
Rfe8 22. Nxe5 Nxe5 23. Be3 Nd6 24. Rf1 Ne4 25. Be2 Rd7 26. Qd4 f5 27. Rad1 Nc6
28. Qb6 Qe5 29. Bxa6 Re6 30. Bxb7 Nd8 31. Bxd5 Rxd5 32. Qb3 Rxd1 33. Rxd1 Nf7
34. Bd4 Qd6 35. f3 Ng3 36. Bf2 Ne2+ 37. Kf1 Qe7 38. Re1 f4 39. Qc4 Nd6 40. Qd3
Ng3+ 41. Bxg3 fxg3 42. Qd5 Kf7 43. hxg6+ hxg6 44. a4 Kf6 45. Qd4+ Kf7 46. Qd5
Nf5 47. a5 Ng7 48. a6 Qa7 49. Qb7+ Qxb7 50. axb7 Rb6 51. b4 Rxb7 52. Ke2 Nh5 53.
Kd3 Nf4+ 54. Kc4 Re7 55. Rg1 Rc7+ 56. Kb3 Ne2 57. Re1 Nxc3 58. Rc1 Nd5 59. Rxc7+
Nxc7 60. Kc4 Ke6 61. Kc5 Ke5 62. Kc4 0-1

[Event "Charity Cup KO 2022"]
[Site "chess24.com INT"]
[Date "2022.03.26"]
[Round "3.24"]
[White "Carlsen, Magnus"]
[Black "Duda, Jan-Krzysztof"]
[Result "1/2-1/2"]
[WhiteTitle "GM"]
[BlackTitle "GM"]
[WhiteElo "2864"]
[BlackElo "2750"]
[WhiteFideId "1503014"]
[BlackFideId "1170546"]
[EventDate "2022.03.23"]
[EventType "k.o."]

1. e4 e5 2. Nf3 Nf6 3. Nxe5 d6 4. Nf3 Nxe4 5. d4 d5 6. Bd3 Bf5 7. O-O Be7 8. Re1
O-O 9. Nbd2 Nd6 10. Nf1 c6 11. Bxf5 Nxf5 12. Qd3 Nd6 13. b3 Na6 14. Ng3 Re8 15.
c4 Bf8 16. Bd2 f6 17. h4 Qd7 18. c5 Ne4 19. Nxe4 dxe4 20. Rxe4 Nxc5 21. Qc4+ Ne6
22. Rae1 b5 23. Qc2 Nc7 24. Rc1 Rxe4 25. Qxe4 Nd5 26. a4 a6 27. h5 Re8 28. Qc2
Re6 29. g3 Qe8 30. Qf5 Re2 31. Kf1 Re6 32. Nh4 Qd7 33. Qf3 Ne7 34. Bb4 Qxd4 35.
Bxe7 Bxe7 36. Nf5 Qd5 37. Qxd5 cxd5 38. Rc8+ Kf7 39. axb5 axb5 40. Rb8 Re5 41.
Nd4 Bc5 42. Nc6 Rf5 43. f4 Ke6 44. Rb7 Kd6 45. Nd8 Rxh5 46. Rxg7 Rh2 47. Nb7+
Kc6 48. Nd8+ Kd6 49. Nb7+ Kc6 50. Nd8+ Kd6 1/2-1/2

[Event "Charity Cup KO 2022"]
[Site "chess24.com INT"]
[Date "2022.03.26"]
[Round "3.31"]
[White "Carlsen, Magnus"]
[Black "Duda, Jan-Krzysztof"]
[Result "1-0"]
[WhiteTitle "GM"]
[BlackTitle "GM"]
[WhiteElo "2864"]
[BlackElo "2750"]
[WhiteFideId "1503014"]
[BlackFideId "1170546"]
[EventDate "2022.03.23"]
[EventType "k.o."]

1. d4 Nf6 2. Nf3 d5 3. g3 c5 4. Bg2 e6 5. O-O Nc6 6. e3 b6 7. c4 cxd4 8. Nxd4
Nxd4 9. exd4 Be7 10. Nc3 O-O 11. cxd5 Nxd5 12. Nxd5 exd5 13. Bf4 Be6 14. Qa4 Qe8
15. Qa6 Qc8 16. Qb5 Qb7 17. Rfc1 Rfc8 18. h4 h6 19. Be5 a6 20. Qb3 b5 21. a4 Qd7
22. axb5 Qxb5 23. Rxc8+ Rxc8 24. Qxb5 axb5 25. Bf1 b4 26. Bd3 g5 27. hxg5 hxg5
28. Ra6 g4 29. Rb6 Kf8 30. Kg2 Ra8 31. Rb7 Bc8 32. Rb6 Be6 33. Kf1 Ke8 34. Ke2
Kd8 35. Kd2 Rc8 36. Rb7 Ra8 37. Kc2 Bd7 38. Bb5 Bxb5 39. Rxb5 Kd7 40. Rb6 Ra1
41. Bf4 Rf1 42. Be3 Bd6 43. Ra6 Re1 44. Kd3 Rd1+ 45. Bd2 Rf1 46. Be3 Rd1+ 47.
Kc2 Re1 48. Ra5 Bxg3 49. Kd2 Bc7 50. Rxd5+ Ke6 51. Rc5 g3 52. Kxe1 1-0